000 02360cam a2200289 4500500
005 20260419000934.0
041 _afre
042 _adc
100 1 0 _aBallif, Edmée
_eauthor
245 0 0 _aMilk for Our Children: Nutritional Reproduction and School Milk Debates in Switzerland
260 _c2026.
500 _a18
520 _aIn this article, I examine the controversy surrounding School Milk Day in Swiss schools through the lens of reproductive and food studies. I introduce the framework of “nutritional reproduction” to analyze how debates over child nutrition reflect and reproduce social hierarchies. A shared repro-nutritional grammar among proponents and opponents of milk distribution emphasizes expert-led, health-oriented, and ethical childcare. However, this grammar also perpetuates exclusionary notions of Swiss national identity, marginalizing children along lines of migration, health, and class. This article contributes to understanding how food discussions intersect with reproductive injustices.
520 _aDans cet article, j’examine la controverse autour de la « Journée du lait à la pause » dans les écoles suisses sous l’angle des sciences sociales de la reproduction et de l’alimentation. Je propose la notion de « reproduction nutritionnelle » pour montrer comment les discussions sur l’alimentation des enfants reflètent et reproduisent des hiérarchies sociales. Les partisan∙es et les opposant∙es à la distribution de lait dans les écoles partagent une grammaire repro-nutritionnelle qui valorise l’expertise, la santé et l’éthique. Cette grammaire perpétue également des idéaux excluants de l’identité nationale suisse, marginalisant certain·es enfants sur la base de la migration, de la santé et de la classe sociale. Cet article contribue à la compréhension des intersections entre alimentation et injustices reproductives.
690 _aAlimentation
690 _aEnfance
690 _aLait
690 _aReproduction
690 _aSuisse
690 _aChildhood
690 _aMilk
690 _aNutrition
690 _aReproduction
690 _aSwitzerland
786 0 _nCahiers du Genre | 79 | 2 | 2026-01-20 | p. 165-196 | 1298-6046
856 4 1 _uhttps://shs.cairn.info/journal-cahiers-du-genre-2025-2-page-165?lang=en&redirect-ssocas=7080
999 _c2212642
_d2212642